000 00691nam a22001937a 4500
999 _c10178
_d10178
003 AR-CdUCM
008 190329b ||||| |||| 00| 0 spa d
040 _aMUNICIPALIDAD PROVINCIAL DEL CUSCO
_cBIBLIOTECA MUNICIPAL DEL CUSCO
082 _24ed.
_aES / 800 /
_bP76
100 _aPomes, Carmen
_926884
245 _aHernán Cortes /
260 _aBuenos aires :
_bAtlantida, S.A.,
_c1939.
300 _a128 paginas ;
_c17 cm.
440 _aBiblioteca Billiken
_nColección verde
_926885
505 _aContenido :La partida -- El desembarco -- Las primeras escaramuzas -- Los primeros aliados de Cortés -- Moctezuma ...
650 _aBiografías
_9148
942 _2ddc
_cLIBROS
945 _arum